| 000 | 00501nam a22001457a 4500 | ||
|---|---|---|---|
| 003 | 0 | ||
| 005 | 20221129122806.0 | ||
| 008 | 221115b xxu||||| |||| 00| 0 eng d | ||
| 050 |
_aTP 1 _b.M33 2019 |
||
| 245 |
_aSouthville International School and Colleges employee online clearance system _cWen Charles O. Macmac |
||
| 260 |
_aLas Pinas City, Philippines _bSouthville International School and Colleges _cC2019 |
||
| 300 |
_a122pp _c28cm. _fTheses |
||
| 500 | _aOnline clearance system. | ||
| 942 |
_2lcc _cTH |
||
| 999 |
_c364885 _d364885 |
||